La Mia Politica

Kaydedildi:
Detaylı Bibliyografya
Yazar: Di Pietro
Materyal Türü: Kitap
Dil:Bilinmeyen Dil
Baskı/Yayın Bilgisi: Micromega
Etiketler: Etiketle
Etiket eklenmemiş, İlk siz ekleyin!

MARC

LEADER 00000nam a2200000Ia 4500
001 R-726
003 CODICE-MESSINA
005 20260212102456.0
008 260211s9999 xx 000 0 und d
040 |c importazione_messina 
100 |a Di Pietro 
245 0 |a La Mia Politica 
260 |b Micromega 
942 |2 ddc  |c BK 
952 |0 0  |1 0  |2 ddc  |4 0  |6 SCAFFALE_6_000000000000000__ROMANZI  |7 0  |9 31552  |a ME  |b ME  |d 2026-02-11  |l 0  |o SCAFFALE 6 - ROMANZI  |p R-726  |r 2026-02-11 23:52:37  |w 2026-02-11  |x [REVISIONARE]  |y BK 
999 |c 27217  |d 27217